Statistics for Badly Drawn Flags (South America)

Click here to take the quiz!

General Stats

  • This quiz has been taken 17 times
  • The average score is 11 of 13

Answer Stats

Answer% Correct
Brazil
100%
Argentina
94%
Uruguay
94%
Venezuela
94%
Chile
88%
Colombia
88%
Ecuador
88%
Guyana
88%
Paraguay
88%
Peru
88%
Suriname
88%
Bolivia
82%
French Guiana
59%

Score Distribution

Percentile by Number Answered

Percent of People with Each Score

Your Score History

You have not taken this quiz